| 000 | 01023nam a2200265 i 4500 | ||
|---|---|---|---|
| 003 | IT-RoINE | ||
| 005 | 20151117085224.0 | ||
| 008 | 000314s1999 sp | r 000 0bspa d | ||
| 020 | _a848965171X | ||
| 040 |
_aSpMaBN _bspa _cIT-RoINE _erdc _dIT-RoINE |
||
| 041 | 1 |
_aspa _hfre |
|
| 100 | 1 |
_97409 _aPhilipon, Marie-Michel, _cO.P., _d1898-1972 |
|
| 240 | 1 | 0 |
_aConchita, journal spirituel d'une mère de famille. _lEspañol |
| 245 | 1 | 0 |
_aConcepción Cabrera de Armida : _bDiario espiritual de una madre de familia / _cpreparado por M.M. Philipon, O.P.. |
| 260 |
_aMadrid : _bCiudad Nueva, _c[1999] |
||
| 300 |
_a299 p., [8] p. de lám. : _bil. ; _c20 cm. |
||
| 336 |
_2rdacontent _atext |
||
| 337 |
_2rdamedia _aunmediated |
||
| 338 |
_2rdacarrier _avolume |
||
| 500 | _aTít. orig.: Conchita, journal spirituel d'une mère de famille. | ||
| 546 | _aTexto original en francés. | ||
| 600 | 1 | 4 |
_aCabrera de Armida, Concepción, _d1862-1937 _xBiografía _97410 |
| 740 | 0 | 1 | _aDiario espiritual de una madre de familia |
| 942 | _cMTS | ||
| 999 |
_c3602 _d3602 |
||